00583nam a2200169Ia 4500008004100000100002100041245010100062245002100163260005900184260000900243300001000252650001800262650001500280856002600295999001900321952007300340170221s9999 xx 000 0 und d aIdo Prijana Hadi aLocal Media and Media Convergence a Case Study of Suara Surabaya Radio as an Interactive Media  cIdo Prijana Hadi bOnline Journal of Communication and Media Technologies c2013 a3 : 2 xCommunication xMedia Arts uhttp://www.ojcmt.net/ c307246d307246 001040aCLbCLd2017-02-21l0r2017-02-21 00:00:00w2017-02-21yFOJ